000 01885nam a22002777a 4500
999 _c21942
_d21942
003 AR-CdUCM
008 190425b ||||| |||| 00| 0 spa d
040 _aMUNICIPALIDAD PROVINCIAL DEL CUSCO
_cBIBLIOTECA MUNICIPAL DEL CUSCO
082 _aRev.Anto/N°111/2006
110 _aUniversidad Nacional de San Antonio Abad del Cusco
_915942
245 _aEl Antoniano :
_bRevista científico cultural de la Universidad Nacional de San Antonio Abad del Cusco /
_cHugo Bonet Rodríguez, director
260 _aCusco :
_bUNSAAC,
_c2006.
300 _a128 páginas. :
_bilustraciones ;
_c29 cm.
440 _aEl Antononiano.
_nAño 16, N°111, noviembre- diciembre 2006.
_946951
500 _aEjemplar 2, donado Mesa Redonda Panamericana
505 _aContenido: John Víctor Murra. Jorge Flores Ochoa. -- El pensamiento religioso de los Incas. Aurelio Carmona. -- El sistema de parentesco ritual en espacios urbanos de conflicto cambios y consideraciones teóricas. Silvia Sonia Bonet Gutiérrez. Donaldo Pinedo Macedo. -- La restauración de la casa del Almirante. Jorge Miguel Zegarra Balcázar. -- Hacia la lingüística Machiguenga. Urbano López Romero. -- El cambio climático y sus conexiones en el régimen de sequias en los Andes del departamento del Cusco. Wilbert Salazar Muñiz. -- Humedal de Lucre Huacarpay 11° sitio Ramsar peruano. Janet Coral Calvo Vargas. -- Creación de una zona franca industrial del Gas en el Cusco para el desarrollo de la industria petroquímica. Wilber Pinares Gamarra.
650 _aFolklore cusqueño
_98693
650 _aIdentidad cultural
_92943
650 _aAntropología cusqueña
_945862
700 _aFlores Ochoa, Jorge
_92915
700 _aPinedo Macedo, Donaldo
_946844
700 _aZegarra Balcázar, Jorge Miguel
_946952
710 _aUniversidad Nacional de San Antonio Abad del Cusco
_915942
942 _2ddc
_cPP
945 _arac